• 首页
  • 本馆介绍
  • 公告通知
  • 最新文献
  • 馆藏检索
  • 电子资源
  • 读者导购
  • 参考咨询
  • 我的图书馆
  • 登录
  • 详细信息显示
  • 放入我的书架
  • 预约/预借图书
  • 作者相关作品
  • 分类相关作品
  • 丛书相关作品
  • 出版社相关作品

书目信息

  • 表格格式
  • 工作单格式
  • 卡片格式
题名:
线性规划及其在建筑管理中的应用
    
 
作者: 官世 编
分册:  
出版信息: 北京   中国建筑工业出版社  1988.4
页数: 127页
开本: 19厘米
丛书名: 建筑管理现代化丛书
单 册:
中图分类: TU12
科图分类:
主题词: 线性规划-应用-建筑业 , 建筑业-线性规划-应用
电子资源:
ISBN: 7-112-00106-4
000 01031nam2 2200277 45
001 0188008399
005 20060809112000.14
010    @a7-112-00106-4@dCNY0.82
091    @a15040.5418
100    @a19910415d1988 k y0chiy0120 ea
101 0  @achi
102    @aCN@b110000
105    @aa z 000yy
200 10 @a线性规划及其在建筑管理中的应用@Axian xing gui hua ji qi zai jian zhu guan li zhong de ying yong@f官世编@Fguan shi shen bian
210    @a北京@c中国建筑工业出版社@d1988.4
215    @a127页@d19厘米
225 2  @a建筑管理现代化丛书@f卢忠政主编
330    @a本书内容包括线性规划的基本概念和原理、计算方法(单纯形法)、运输问题、分配问题以及在建筑管理中的应用实例等。
410  0 @120010@a建筑管理现代化丛书
540 1  @a线性规划及其在建筑管理中的应用@Axian xing gui hua ji qi zai jian zhu guan li zhong de ying yong
606    @a线性规划-应用-建筑业
606    @a建筑业-线性规划-应用
690    @aTU12@v1980
701  0 @a官世@Aguan shi shen@4编
801  0 @aCN@bTSSF@c20060809
905    @a10447@dTU12@e281
    
    线性规划及其在建筑管理中的应用/官世编.-北京:中国建筑工业出版社,1988.4
    127页;19厘米.-(建筑管理现代化丛书/卢忠政主编)
    
    
    ISBN 7-112-00106-4:CNY0.82
    本书内容包括线性规划的基本概念和原理、计算方法(单纯形法)、运输问题、分配问题以及在建筑管理中的应用实例等。
●
相关链接 在E读中查询图书 在五车中查询图书 在当当中查询图书 在豆瓣中查询图书


正题名:线性规划及其在建筑管理中的应用     索取号:TU12/281         预约/预借

序号 登录号 条形码 馆藏地/架位号 状态 备注
1 0451931   204519315   密集书库/ [索取号:TU12/281] 在馆    
唐山师范学院图书馆 欢迎您!
大连网信软件有限公司© 版权所有